000 00675nam a22002297a 4500
005 20170124110012.0
010 _aA-704107
020 _c00.00
_a8173280266
035 _aA-704107
037 _bCen Lib/Ret
040 _aDPL
_bEN
082 _a343.052
_bPRA
100 _aPrasad, Bhagwati
_916000
245 _aIncome tax :
_cby Bhagwati Prasad
_blaw & practice /
250 _a21st ed
260 _aNew Delhi
_bWishwa Prakashan
_c1994
270 _a4835/24, Ansari Road, Daryaganj
_bNew Delhi
_e110002
300 _axv, 558p.
_c20cm(Hb)
650 _aIncome tax authorities.
_917947
650 _aTax rates.
_917948
942 _2ddc
_cEN
_h343.052
_mPRA
999 _c126598
_d126598